| 000 | 00703nab a2200157 4500 | ||
|---|---|---|---|
| 003 | ES-SlBCS | ||
| 005 | 20220907161509.0 | ||
| 008 | 150924s2015 rm ||||| |||| 00| 0 rum d | ||
| 040 |
_aES-SlBCS _bspa |
||
| 100 | 1 |
_aGelan, Victor Eugen _9408333 |
|
| 245 | 1 | 0 |
_aHusserl si problematica timpului _n: (I) _p: Constituirea transcendenatla a timpului la nivel imanent _cVictor Eugen Gelan |
| 246 | 1 | 1 |
_aHusserl and the Question of Time _b: I: The Transcendental Constitution of Time at the Immanent Level of Consciousness |
| 600 | 0 |
_aHusserl, Edmund _d, 1859-1938 _xCrítica e interpretación _9120926 |
|
| 773 | 0 |
_gVol. 62, Nº 3, 2015, págs. 393-414 _tRevista de Filosofie _wRev952 _x0034-8260 |
|
| 942 |
_2lcc _cAR |
||
| 999 |
_c853865 _d853865 |
||